| 000 | 00362cam a2200133 4500 | ||
|---|---|---|---|
| 008 | 020930n2002 000 0 eng u | ||
| 020 | _a0901297240 | ||
| 035 | _a(Sirsi) u119910 | ||
| 110 |
_aInstitution of Structural Engineers _9441 |
||
| 245 | _aSafety in tall buildings | ||
| 260 |
_bInstitution of Structural Engineers _c2002 |
||
| 350 | _a30 | ||
| 942 | _n0 | ||
| 999 |
_c102445 _d102445 |
||